000 01111nam a22003257a 4500
003 CHAP
005 20220329141734.0
008 971013s1984 r 00010 d
010 _a73097
011 _a74069
035 _a83627
040 _cCHAP
082 _a634
_bC6n
110 _aComisión Nacional de Fruticultura. México
_925772
245 _aNormalización y control de calidad
260 _aMéxico, D. F. :
_bCONAFRUT,
_c1984
300 _a116 p.
_b: ilus.
490 _aManuales técnicos para la elaboración de cursos de capacitación
590 _aBATCH-UPD
_b10
_c20130110
_lUCH01
_h1250
590 _aBATCH-UPD
_b10
_c20130410
_lUCH01
_h0813
590 _aBATCH-UPD
_b10
_c20130914
_lUCH01
_h1444
590 _aCONVERSION
_b10
_c20130109
_lUCH01
_h1340
650 1 4 _aFruta
_xCalidad.
_943597
650 1 4 _aFruta
_xNormas de calidad.
_943644
650 1 4 _aPesticidas
_xNormas de calidad.
_987566
830 0 _aManuales técnicos para la elaboración de cursos de capacitación
_970701
901 _aBK
942 _cLIBRO
949 _a634 C6n
_bBC
_cLIBRO
_d33724000220513
_eLIBRO
_h86885
_i83627
_si
999 _c73097
_d73097